zpět

Detail výsledku týmu

Chicago Bar & Grill ÚT, Liberec

Datum a čas kvízu

45 Celkem bodů Celkový počet nahraných bodů na tomto kvízu bez doplňovacích otázek.
2. Pořadí na kvízu Konečné umístění týmu na tomto kvízu.

Zaznamenané odpovědi

# Otázka Odpověď Body Výsledky
1. Která 55letá česká herečka a z... Kateřina Brožová 1
2. Norský výbor se rozhodl letoš... z Íránu 1
3. Ve středu byla slavnostně zahá... Berlín, Benátky, Cannes 1
4. Ve středu byla v Berlíně předs... Škoda Kodiaq 1
5. Kolikátý titul v řadě mistra s... třetí titul 1
6. Téma o slavných trojicích, kte... Renault, Peugeot, Citroën 1
7. Která tříčlenná kapela stojí z... Green Day 0
8. Na začátku které slavné původn... Matrix 0
9. S naším tématem jistě souvisí... d'Artagnana 1
10. Které společné příjmení patří... Rachůnek 1